| 000 -LEADER |
| fixed length control field |
00476pab a2200181 454500 |
| 008 - FIXED-LENGTH DATA ELEMENTS--GENERAL INFORMATION |
| fixed length control field |
180718b1997 xxu||||| |||| 00| 0 eng d |
| 100 ## - MAIN ENTRY--PERSONAL NAME |
| Personal name |
Hart, Oliver |
| 245 ## - TITLE STATEMENT |
| Title |
The proper scope of government: theory and an application to prisons |
| 260 ## - PUBLICATION, DISTRIBUTION, ETC. |
| Date of publication, distribution, etc. |
1997 |
| 300 ## - PHYSICAL DESCRIPTION |
| Extent |
p.1127-161 |
| 362 ## - DATES OF PUBLICATION AND/OR SEQUENTIAL DESIGNATION |
| Dates of publication and/or sequential designation |
Nov |
| 650 ## - SUBJECT ADDED ENTRY--TOPICAL TERM |
| Topical term or geographic name entry element |
Prisoners |
| 650 ## - SUBJECT ADDED ENTRY--TOPICAL TERM |
| Topical term or geographic name entry element |
Prisons |
| 700 ## - ADDED ENTRY--PERSONAL NAME |
| Personal name |
Vishnay, Robert W. |
| 700 ## - ADDED ENTRY--PERSONAL NAME |
| Personal name |
Shleifer, Anderi |
| 773 ## - HOST ITEM ENTRY |
| Main entry heading |
Quarterly Journal of Economics |
| 909 ## - |
| -- |
36565 |